2016 in Pictures Quiz Stats

 Plays Quiz Updated Oct 15, 2017

Challenge
Share
Tweet
Score 0/20 Timer 05:00
5 Plays Today
% Correct
Twins
96.2%
Leonardo DiCaprio
93.8%
Elizabeth II
93.6%
Giant Panda
90.5%
Donald Trump
90.4%
Nobel
89.8%
David Bowie
89.3%
European Union
88.7%
Michael Phelps
84.6%
Email
84.4%
% Correct
Mother Teresa
83.6%
North Korea
83.4%
Cuba
79.3%
Chicago Cubs
73.3%
Turkish
71.2%
Zika
69.8%
Theresa May
67.7%
Harriet Tubman
63.7%
Portugal
60.7%
Leicester City
45.2%

You're not logged in!

Compare scores with friends on all Sporcle quizzes.
Join for Free
OR
Log In

You Might Also Like...

Show Comments

Extras

Top Quizzes Today


Score Distribution

Your Account Isn't Verified!

In order to create a playlist on Sporcle, you need to verify the email address you used during registration. Go to your Sporcle Settings to finish the process.

Report this User

Report this user for behavior that violates our Community Guidelines.

Details: